Právny režim Antarktídy v kontexte Zmluvy o Antarktíde
Antarktída patrí spolu s kozmickým priestorom a šírim morom medzi medzinárodné priestory. Medzinárodné priestory sú charakteristické tým, že ich nie je možné podriadiť jurisdikcii žiadneho štátu a sú spoločným dedičstvom ľudstva. Postavenie Antarktídy sa odlišuje od ostatných medzinárodných priesto...
Na minha lista:
| Autor principal: | |
|---|---|
| Formato: | Capítulo de Livro |
| Idioma: | eslovaco |
| Assuntos: | |
| Tags: |
Sem tags, seja o primeiro a adicionar uma tag!
|
MARC
| LEADER | 00000nla a2200000 4500 | ||
|---|---|---|---|
| 001 | 0207331 | ||
| 005 | 20240502073439.2 | ||
| 041 | 0 | |a slo | |
| 044 | |a SK | ||
| 245 | 1 | 0 | |a Právny režim Antarktídy v kontexte Zmluvy o Antarktíde |c Dorota Harakaľová |
| 520 | |a Antarktída patrí spolu s kozmickým priestorom a šírim morom medzi medzinárodné priestory. Medzinárodné priestory sú charakteristické tým, že ich nie je možné podriadiť jurisdikcii žiadneho štátu a sú spoločným dedičstvom ľudstva. Postavenie Antarktídy sa odlišuje od ostatných medzinárodných priestorov charakterom nárokov. V priebehu času štáty vznášali svoje územné nároky na rôzne časti Antarktídy až do doby, kedy Zmluva o Antarktíde (1959) ich nároky nezmrazila a taktiež zamedzila vznášaniu nových a rozširovaniu pôvodne vznesených nárokov. | ||
| 610 | 2 | 0 | |a právo medzinárodné |
| 610 | 2 | 0 | |a zmluvy |
| 610 | 2 | 0 | |a Antarktída |
| 100 | 1 | |a Harakaľová, Dorota, 1989- | |